000
00289nam a2200109 a 4500
005
20140414131849.0
008
100727s19uu xx 00 eng d
050
_a
M 394.2
_b
V97 2005
245
_a
Themes for special days.
260
_a
Australia :
_b
Hawker Brownlow,
_c
2005.
999
_c
110080
_d
110080